Responses for Show #6227 - Tuesday, October 18, 2011

Contestants

[<< previous game]

Liz Greenwood, a graduate student in economics originally from Wyomissing, Pennsylvania

Ray Crosby, a graduate student of Victorian literature originally from Bakersfield, California

Lanny Timan, a business manager from Chicago, Illinois (whose 1-day cash winnings total $16,001)

[next game >>]

Jeopardy! Round responses

REMEMBER 2008?
SPORTS BY CHAMPIONS
COLOR PLEASE
THE 2011 FORTUNE 500
STARTS WITH 3 CONSONANTS
EARTHQUAKE!
    $200 26
(Alex: You are right, with less than a minute now.)

the Q.E. 2

Ray
    $200 6
boxing

Ray
    $200 1
red

Liz
    $200 8
State Farm

Liz
    $200 16
to splice

Ray
    $200 21
San Francisco

Ray
    $400 27
August 8

Liz
    $400 7
tennis

Lanny
    $400 2
(Lanny: What is yellow?)

blue

LannyLiz
    $400 9
(Lanny: What is AIG?)

Freddie Mac

Lanny
Triple Stumper
    $400 17
a scrapbook

Liz
    $400 22
Managua

Ray
    $600 28
Blagojevich

Liz
    $600 11
speed-skating

Ray
    $600 3
green

Liz
    $600 10
(Liz: What is GMC?)

GM

RayLiz
    $600 18
the threshold

Ray
    $600 23
ten

Liz
    $800 29
AIG

Ray
    $800 12
golf

Lanny
    $800 4
(Ray: What is red?)
...
(Alex: Red, they want you off the course.)

white

Ray
Triple Stumper
    $800 13
Boeing

Liz
    $800 19
scholarship

Lanny
    $800 24
(Liz: What is the United States Geological Service? -es?)

the United States Geological Survey

RayLiz
    $2,800 30
(Ray: What is Tunisia?)

Sudan

Ray
    $1000 14
biking

Lanny
    $1000 5
violet

Ray
    $1000 15
Costco

Ray
    $1000 20
(Alex: And I had never heard that second definition before. The word is [*].)

thwart

Triple Stumper
    $1000 25
(Lanny: What is Syria?)

Turkey

LannyRay

Scores at the first commercial break (after clue 15):

Lanny Ray Liz
$1,400 $2,600 $1,600

Scores at the end of the Jeopardy! Round:

Lanny Ray Liz
$1,200 $4,000 $2,800

Double Jeopardy! Round responses

WORLD GEOGRAPHY
"OKI" DOKEY
FICTION
CRASHING THE PARTY
WHO'S THE TV BOSS?
(Alex: We'll tell you. You have to give us the name of the actor.)
RANK-LY SPEAKING
    $400 1
Hudson Bay

Lanny
    $400 6
(Liz: What is hypothermia?)

choking

RayLiz
    $400 7
Heart of Darkness

Ray
    $400 23
the Nazis

Liz
    $400 21
Steve Carell

Ray
    $400 16
Surgeon General

Lanny
    $800 2
Sicily

Liz
    $800 12
Nokia

Lanny
    $800 8
Henry James

Ray
    $800 24
the Communist Party of the Soviet Union

Triple Stumper
    $800 22
Ed Asner

Liz
    $800 17
(Ray: What is capital?)

private

Ray
Triple Stumper
    $1200 3
Wales

Ray
    $1200 13
smokiness

Liz
    $1200 9
The Outsiders

Ray
    $1200 25
(Ray: What was the Federalist Party?)
(Liz: What are the Democratic Republicans?)

the Whig Party

RayLiz
Triple Stumper
    $1200 26
(Alex: Less than a minute to go now, Liz.)

S. Epatha Merkerson

Triple Stumper
    $1200 18
a captain's chair

Liz
    $5,200 4
(Ray: What is... Amsterdam?)

Antwerp

Ray
    $1600 14
Loki

Ray
    $1600 10
Game of Thrones

Lanny
    $1600 27
(Alex: You're right--got in ahead of Liz on that one.)

the Democratic-Republicans

Ray
    $1600 28
Kathy Bates

Triple Stumper
    $1600 19
Sergeant at Arms

Ray
    $2000 5
Kashmir

Liz
    $2000 15
enoki

Lanny
    $1,600 11
(Lanny: Who is... Solzhenitsyn?)

Dostoyevsky

Lanny
    $2000 30
(Ray: What is Dixie? Dixieland Party?)

the Dixiecrats

Ray
Triple Stumper
    $2000 29
(John) Forsythe

Lanny
    $2000 20
colonel

Ray

Scores at the end of the Double Jeopardy! Round:

Lanny Ray Liz
$6,800 $6,000 $7,600

[wagering suggestions for these scores]

Final Jeopardy! Round responses

FOREIGN-BORN INVENTORS
(Ray: I thought maybe something with diamonds.)
...
(Alex: Who was [*]? Born in Scotland.)
[Johnny Gilbert's "Prizes for our second- and third-place contestants provided by Aleve", begun since show #6211, aired 2011-09-26, replaced with "Second place prizing provided by Aleve".]
RayWho is Zales?
$5,998
LannyWho was S. Morse
$5,201
LizWho was Edison?
$6,001
Alexander Graham Bell

Final scores:

Lanny Ray Liz
$1,599 $2 $1,599
2-day co-champion: $17,600 2nd place: $2,000 New co-champion: $1,599

Game dynamics:

Coryat scores:

Lanny Ray Liz
$8,400 $14,000 $7,600
10 R,
4 W
(including 1 DD)
23 R,
6 W
(including 2 DDs)
15 R,
4 W

Combined Coryat: $30,000

[game clues] [game scores] [suggest correction]

Game tape date: 2011-08-30
The J! Archive is created by fans, for fans. Scraping, republication, monetization, and malicious use prohibited; this site may use cookies and collect identifying information. See terms. The Jeopardy! game show and all elements thereof, including but not limited to copyright and trademark thereto, are the property of Jeopardy Productions, Inc. and are protected under law. This website is not affiliated with, sponsored by, or operated by Jeopardy Productions, Inc. Join the discussion at JBoard.tv.